Vinnetou. I., Indiánské léto /

Hlavní autor: May, Karl, 1842-1912
Další autoři: Burian, Zdeněk, 1905-1981, Flögl, Oskar, 1861-1938, Kadlec, Gustav
Jazyk: Čeština
Vydáno: Praha : Toužimský & Moravec, 2006
Edice: Velká řada (Toužimský & Moravec)
Témata:
Fyzický popis: 471 s., [2] l. obr. příl. : il. ; 22 cm
Knihy
Uloženo v:
LEADER 01867nam a2200493 a 4500
001 nkc20061694435
003 CZ PrNK
005 20081126122513.0
007 ta
008 061024s2006 xr af d 000 f cze
015 |a cnb001694435 
020 |a 80-7264-086-0  |q (váz.) :  |c Kč 239,00 
035 |a (OCoLC)124088931 
040 |a OLA001  |b cze  |d ABA001 
041 1 |a cze  |h ger 
072 7 |a 821.112.2-3  |x Německá próza, německy psaná  |2 Konspekt  |9 25 
072 7 |a 821-93  |x Literatura pro děti a mládež (beletrie)  |2 Konspekt  |9 26 
080 |a 821-93  |2 MRF 
080 |a 821.112.2-31  |2 MRF 
080 |a (0:82-311.3)  |2 MRF 
100 1 |a May, Karl,  |d 1842-1912  |7 jn19990005499  |4 aut 
245 1 0 |a Vinnetou.  |n I.,  |p Indiánské léto /  |c Karel May ; [ilustroval Zdeněk Burian ; překlad Oskara Flögla upravil Gustav Kadlec] 
246 1 |i Název v tiráži:  |a Vinnetou - Indiánské léto 
246 3 0 |a Indiánské léto 
260 |a Praha :  |b Toužimský & Moravec,  |c 2006 
300 |a 471 s., [2] l. obr. příl. :  |b il. ;  |c 22 cm 
490 1 |a Velká řada ;  |v č. 50 
500 |a Přeloženo z němčiny 
655 7 |a německé romány  |7 fd132945  |2 czenas 
655 7 |a dobrodružné romány  |7 fd132061  |2 czenas 
655 7 |a publikace pro mládež  |7 fd133157  |2 czenas 
655 9 |a German fiction  |2 eczenas 
655 9 |a adventure novels  |2 eczenas 
655 9 |a juvenile literature  |2 eczenas 
700 1 |a Burian, Zdeněk,  |d 1905-1981  |7 jk01020396  |4 ill 
700 1 |a Flögl, Oskar,  |d 1861-1938  |7 jk01031444  |4 trl 
700 1 |a Kadlec, Gustav  |7 mzk2006377270  |4 trl  |4 adp 
830 0 |a Velká řada (Toužimský & Moravec)  |0 s 
910 2 |a BOA001  |b 2-1172.848,1 
928 9 |a Toužimský a Moravec 
990 |a BK 
995 |a 01 
991 |b 200701 
996 6 |b 2610297077  |c 2-1172.848,1  |l MZK  |r Sklad / do 1 hodiny  |n 6  |p p.v.  |w 000835042  |u 000010  |a 1  |e BOA001  |j MZK50  |s P